[Event "Anapa op"]
[Site "Anapa"]
[Date "2009.09.07"]
[Round "8"]
[White "Natacheev, Peter"]
[Black "Yasinsky, Vladimir"]
[Result "0-1"]
[WhiteElo "2191"]
[BlackElo "2342"]
[PlyCount "46"]
[EventDate "2009.08.31"]
[EventType "swiss"]
[EventRounds "9"]
[EventCountry "RUS"]
[SourceTitle "CBM 132 Extra"]
[Source "ChessBase"]
[SourceDate "2009.11.03"]
[SourceVersion "1"]
[SourceVersionDate "2009.11.03"]
[SourceQuality "1"]

1. e4 c5 2. c3 Nf6 3. e5 Nd5 4. d4 cxd4 5. cxd4 d6 6. Nc3 Nxc3 7. bxc3 dxe5 8. dxe5 Qxd1+ 9. Kxd1 Nc6 10. f4 Bf5 11. Ba3 g5 12. fxg5 0-0-0+ 13. Ke1 Nxe5 14. Nf3 Nxf3+ 15. gxf3 h6 16. Bc4 hxg5 17. Bc5 Bg7 18. Rc1 b6 19. Be3 Bf6 20. Ba6+ Kc7 21. c4 Rd3 22. Ke2 Ra3 23. Bb5 Rxa2+ 0-1

[Event "Anapa op"]
[Site "Anapa"]
[Date "2009.09.06"]
[Round "7"]
[White "Yasinsky, Vladimir"]
[Black "Ivanov, Victor L"]
[Result "1/2-1/2"]
[WhiteElo "2342"]
[BlackElo "2494"]
[PlyCount "88"]
[EventDate "2009.08.31"]
[EventType "swiss"]
[EventRounds "9"]
[EventCountry "RUS"]
[SourceTitle "CBM 132 Extra"]
[Source "ChessBase"]
[SourceDate "2009.11.03"]
[SourceVersion "1"]
[SourceVersionDate "2009.11.03"]
[SourceQuality "1"]

1. c4 c6 2. Nf3 Nf6 3. d4 d5 4. Qc2 dxc4 5. Qxc4 Bf5 6. g3 e6 7. Bg2 Nbd7 8. Nc3 Be7 9. Nh4 Nb6 10. Qb3 Qxd4 11. Nxf5 exf5 12. 0-0 0-0 13. a4 Qc4 14. Qc2 Qe6 15. Bg5 Rfe8 16. Bxf6 Bxf6 17. Bh3 Bxc3 18. Bxf5 Qxe2 19. Bxh7+ Kh8 20. bxc3 g6 21. Bxg6 fxg6 22. Qxg6 Qe6 23. Qh5+ Kg7 24. Rab1 Re7 25. Rb4 Rg8 26. Rfb1 Nd5 27. Rxb7 Qe4 28. c4 Nf6 29. Qc5 Rxb7 30. Rxb7+ Kh8 31. Re7 Qf3 32. Qd6 Rf8 33. Qd4 Kg8 34. Re3 Qf5 35. Re5 Qb1+ 36. Kg2 Qb7 37. Qc5 Qf7 38. a5 Qd7 39. h3 Rf7 40. g4 Rg7 41. Rf5 Qe6 42. Re5 Qd7 43. Rf5 Qe6 44. Re5 Qd7 1/2-1/2

[Event "Anapa op"]
[Site "Anapa"]
[Date "2009.09.05"]
[Round "6"]
[White "Shorokhov, Mikhail"]
[Black "Yasinsky, Vladimir"]
[Result "0-1"]
[WhiteElo "2107"]
[BlackElo "2342"]
[PlyCount "98"]
[EventDate "2009.08.31"]
[EventType "swiss"]
[EventRounds "9"]
[EventCountry "RUS"]
[SourceTitle "CBM 132 Extra"]
[Source "ChessBase"]
[SourceDate "2009.11.03"]
[SourceVersion "1"]
[SourceVersionDate "2009.11.03"]
[SourceQuality "1"]

1. b4 e5 2. Bb2 Bxb4 3. Bxe5 Nf6 4. c4 0-0 5. e3 Re8 6. Bb2 d5 7. cxd5 Nxd5 8. Nf3 c5 9. Be2 Nc6 10. 0-0 Bg4 11. Na3 Qe7 12. Nc2 Ba5 13. Rc1 Rad8 14. Nce1 Nxe3 15. fxe3 Bxd2 16. Kh1 Qxe3 17. Bb5 Bxc1 18. Qxc1 Qxc1 19. Bxc1 Rd1 20. Nc2 Rxf1+ 21. Bxf1 Bxf3 22. gxf3 Nd4 23. Nxd4 Re1 24. Ne2 Rxf1+ 25. Kg2 Rd1 26. Kf2 Kf8 27. a4 Rd3 28. Be3 b6 29. a5 Ra3 30. axb6 axb6 31. Nf4 Ra2+ 32. Ke1 Ke8 33. Nd5 Rb2 34. Kd1 Kd7 35. Bc1 Rb3 36. Ke2 Kd6 37. Ne3 g6 38. Kd2 b5 39. f4 c4 40. f5 Ke5 41. fxg6 hxg6 42. Kc2 Kd4 43. Nf1 Rf3 44. Nd2 Rf2 45. Bb2+ Ke3 46. Bc1 b4 47. Kd1 Kd3 48. Ke1 Re2+ 49. Kd1 c3 0-1

[Event "Anapa op"]
[Site "Anapa"]
[Date "2009.09.03"]
[Round "4"]
[White "Furtuna, Alexei"]
[Black "Yasinsky, Vladimir"]
[Result "0-1"]
[WhiteElo "2318"]
[BlackElo "2342"]
[PlyCount "80"]
[EventDate "2009.08.31"]
[EventType "swiss"]
[EventRounds "9"]
[EventCountry "RUS"]
[SourceTitle "CBM 132 Extra"]
[Source "ChessBase"]
[SourceDate "2009.11.03"]
[SourceVersion "1"]
[SourceVersionDate "2009.11.03"]
[SourceQuality "1"]

1. d4 d5 2. c4 c6 3. Nf3 Nf6 4. Qc2 e6 5. Nbd2 Nbd7 6. g3 Bd6 7. Bg2 0-0 8. 0-0 Re8 9. Rd1 Qe7 10. e4 dxe4 11. Nxe4 Nxe4 12. Qxe4 e5 13. Bg5 f6 14. Be3 exd4 15. Qxe7 Bxe7 16. Bxd4 a5 17. Nd2 Ne5 18. Re1 Be6 19. Re3 Bf8 20. Rae1 Red8 21. Bc3 Bf7 22. Nb3 Nd3 23. Ra1 Nb4 24. Bxb4 Bxb4 25. a3 Bf8 26. Rc1 a4 27. Na1 Rd2 28. b4 axb3 29. Nxb3 Rb2 30. Nd4 Bc5 31. Re4 Rxa3 32. Rd1 Bxc4 33. Nxc6 Bd3 34. Re8+ Kf7 35. Rd8 Rxf2 36. Bd5+ Kg6 37. Ne7+ Kg5 38. Rc8 Be3 39. Kh1 Raa2 40. Bxa2 Be4+ 0-1

[Event "Anapa op"]
[Site "Anapa"]
[Date "2009.09.02"]
[Round "3"]
[White "Yasinsky, Vladimir"]
[Black "Zhukov, Viktor Andreevich"]
[Result "1-0"]
[WhiteElo "2342"]
[BlackElo "2143"]
[PlyCount "67"]
[EventDate "2009.08.31"]
[EventType "swiss"]
[EventRounds "9"]
[EventCountry "RUS"]
[SourceTitle "CBM 132 Extra"]
[Source "ChessBase"]
[SourceDate "2009.11.03"]
[SourceVersion "1"]
[SourceVersionDate "2009.11.03"]
[SourceQuality "1"]

1. c4 Nf6 2. Nc3 g6 3. g3 Bg7 4. Bg2 d6 5. d4 c6 6. Nf3 0-0 7. 0-0 Qa5 8. h3 Be6 9. d5 cxd5 10. Nd4 Bd7 11. cxd5 Rc8 12. Be3 Na6 13. a3 Qd8 14. Rc1 Be8 15. b4 Nd7 16. Qb3 Nb6 17. Rfd1 Nc4 18. Nc6 Nxe3 19. Nxd8 Nxd1 20. Qxd1 Bxc3 21. Nxb7 Bb2 22. Rb1 Be5 23. Na5 Rc3 24. a4 Rac8 25. Nc6 Bf6 26. b5 Nb8 27. Nxa7 R8c4 28. Nc6 Nd7 29. a5 Nc5 30. b6 Bd7 31. b7 Nxb7 32. Rxb7 Rc1 33. Qxc1 Rxc1+ 34. Kh2 1-0

[Event "Sukhumi op"]
[Site "Sukhumi"]
[Date "2006.08.10"]
[Round "7"]
[White "Yasinsky, Vladimir"]
[Black "Ogloblin, Nikolay"]
[Result "1/2-1/2"]
[WhiteElo "2342"]
[BlackElo "2412"]
[PlyCount "64"]
[EventDate "2006.08.04"]
[EventType "swiss"]
[EventRounds "9"]
[EventCountry "GEO"]
[SourceTitle "EXT 2011"]
[Source "ChessBase"]
[SourceDate "2010.11.26"]
[SourceVersion "1"]
[SourceVersionDate "2010.11.26"]
[SourceQuality "1"]

1. c4 Nf6 2. Nc3 c5 3. g3 e6 4. Nf3 b6 5. Bg2 Bb7 6. 0-0 Be7 7. Re1 d6 8. d4 cxd4 9. Nxd4 Bxg2 10. Kxg2 Qc8 11. Qd3 Nbd7 12. b3 Ne5 13. Qd2 h5 14. h3 a6 15. e4 Qb7 16. Bb2 g5 17. f4 gxf4 18. gxf4 0-0-0 19. Qe3 Rdg8+ 20. Kh1 Nfg4 21. hxg4 hxg4+ 22. Kg2 Rh3 23. Qd2 Nd3 24. Rh1 Bf6 25. Nde2 Nxb2 26. Qxb2 Qe7 27. Rxh3 gxh3+ 28. Kh1 Rg2 29. Rg1 Bxc3 30. Qxc3 Rxe2 31. Rg8+ Kb7 32. e5 Ka7 1/2-1/2

[Event "Sukhumi op"]
[Site "Sukhumi"]
[Date "2006.08.07"]
[Round "4"]
[White "Akbaev, Kazbek"]
[Black "Yasinsky, Vladimir"]
[Result "0-1"]
[WhiteElo "2117"]
[BlackElo "2319"]
[PlyCount "60"]
[EventDate "2006.08.04"]
[EventType "swiss"]
[EventRounds "9"]
[EventCountry "GEO"]
[SourceTitle "EXT 2011"]
[Source "ChessBase"]
[SourceDate "2010.11.26"]
[SourceVersion "1"]
[SourceVersionDate "2010.11.26"]
[SourceQuality "1"]

1. c4 Nf6 2. Nc3 e5 3. e4 Nc6 4. d3 Bc5 5. g3 d6 6. h3 a6 7. Bg2 b5 8. cxb5 axb5 9. Nf3 Rb8 10. 0-0 h6 11. Qe2 0-0 12. Be3 Nd4 13. Bxd4 Bxd4 14. Rac1 c5 15. Nxd4 exd4 16. Nd1 b4 17. f4 Re8 18. Qd2 Nd7 19. b3 Ba6 20. Nf2 Bb7 21. Ng4 Ra8 22. Rf2 Ra5 23. Nh2 Qa8 24. Nf3 f5 25. exf5 Re3 26. Rcf1 Nf6 27. Kh2 Nd5 28. f6 Nc3 29. f7+ Kh7 30. a4 bxa3 0-1

[Event "Sukhumi op"]
[Site "Sukhumi"]
[Date "2006.08.05"]
[Round "2"]
[White "Idrisova, Roza"]
[Black "Yasinsky, Vladimir"]
[Result "1-0"]
[WhiteElo "2081"]
[BlackElo "2319"]
[PlyCount "67"]
[EventDate "2006.08.04"]
[EventType "swiss"]
[EventRounds "9"]
[EventCountry "GEO"]
[SourceTitle "EXT 2011"]
[Source "ChessBase"]
[SourceDate "2010.11.26"]
[SourceVersion "1"]
[SourceVersionDate "2010.11.26"]
[SourceQuality "1"]

1. d4 d5 2. c4 Bf5 3. cxd5 Bxb1 4. Qa4+ c6 5. Rxb1 Qxd5 6. Nf3 Nd7 7. e3 Nb6 8. Qb3 Qxb3 9. axb3 Nf6 10. Bd3 Nbd5 11. Bd2 e6 12. Ra1 Nb4 13. Bb1 Be7 14. Ke2 Nd7 15. Rc1 0-0 16. Rc4 a5 17. Ne1 e5 18. dxe5 Nxe5 19. Re4 Bd6 20. f4 Ng4 21. Rd4 Nd5 22. h3 Ngf6 23. Kf3 Bc5 24. Rda4 Rad8 25. Nd3 Bb6 26. Bxa5 Bxa5 27. Rxa5 Rfe8 28. Ne5 g5 29. g3 Nd7 30. Nxd7 Rxe3+ 31. Kf2 Rxb3 32. Ra8 Rxb2+ 33. Kf3 Rxa8 34. Rxa8+ 1-0

[Event "RUS-Cup2"]
[Site "Moscow"]
[Date "1996.??.??"]
[Round "7"]
[White "Nekrasova, Elena"]
[Black "Yasinsky, Vladimir"]
[Result "0-1"]
[WhiteElo "2085"]
[BlackElo "2305"]
[PlyCount "77"]
[EventDate "1996.11.28"]
[EventType "swiss"]
[EventRounds "9"]
[EventCountry "RUS"]
[SourceTitle "CBM 056 Extra"]
[Source "ChessBase"]
[SourceDate "1997.03.01"]
[SourceVersion "1"]
[SourceVersionDate "1997.03.01"]
[SourceQuality "1"]

1. e4 c5 2. Nf3 d6 3. d4 cxd4 4. Nxd4 Nf6 5. Nc3 g6 6. Be2 Bg7 7. 0-0 Nc6 8. Nb3 0-0 9. Bg5 Be6 10. Kh1 a6 11. f4 b5 12. Bf3 Rc8 13. Re1 Re8 14. Nd5 Bxd5 15. exd5 Na5 16. c3 Qb6 17. Qd4 Nc4 18. Qxb6 Nxb6 19. Rad1 Kf8 20. Bh4 Rc4 21. Bf2 Na4 22. Re2 Rxf4 23. Nd4 Nb6 24. g3 Rxf3 25. Nxf3 Nbxd5 26. Ng5 e6 27. Bd4 h6 28. Ne4 e5 29. Nxf6 Nxf6 30. Bb6 Re6 31. Bc7 Ke7 32. a4 Kd7 33. Ba5 Kc6 34. axb5+ axb5 35. Ra1 Nd5 36. Rd2 e4 37. Re1 f5 38. Kg2 g5 39. h4 0-1

[Event "RUS-ch sf"]
[Site "Arkhangelsk"]
[Date "1996.??.??"]
[Round "?"]
[White "Timofeev, Vladimir F"]
[Black "Yasinsky, Vladimir"]
[Result "0-1"]
[WhiteElo "2280"]
[BlackElo "2315"]
[PlyCount "74"]
[EventDate "1996.??.??"]
[EventType "swiss"]
[EventRounds "9"]
[EventCountry "RUS"]
[SourceTitle "EXT 2000"]
[Source "ChessBase"]
[SourceDate "1999.11.16"]
[SourceVersion "1"]
[SourceVersionDate "1999.11.16"]
[SourceQuality "1"]

1. d4 d5 2. c4 c6 3. cxd5 cxd5 4. Nc3 Nf6 5. Nf3 Nc6 6. Bf4 Ne4 7. e3 Nxc3 8. bxc3 g6 9. Be2 Bg7 10. 0-0 0-0 11. c4 dxc4 12. Bxc4 Bf5 13. Rc1 Rc8 14. Qe2 Be4 15. Ng5 Bd5 16. Bxd5 Qxd5 17. Rc5 Qd7 18. Nf3 b6 19. Rcc1 Nb4 20. a3 Nd5 21. Bg3 Rc3 22. e4 Bh6 23. Rxc3 Nxc3 24. Qd3 Rc8 25. d5 Qb5 26. Qxb5 Nxb5 27. Be5 f6 28. a4 Nc3 29. Bd4 Nxe4 30. h3 Rc1 31. Rxc1 Bxc1 32. Kf1 Kf7 33. Ke2 Ke8 34. Kd3 Nd6 35. Bc3 Ba3 36. Nd4 Bc5 37. f3 Kd7 0-1

[Event "RUS-Cup2"]
[Site "Moscow"]
[Date "1996.??.??"]
[Round "4"]
[White "Yasinsky, Vladimir"]
[Black "Lysova, Olga"]
[Result "1-0"]
[WhiteElo "2305"]
[BlackElo "2010"]
[PlyCount "93"]
[EventDate "1996.11.28"]
[EventType "swiss"]
[EventRounds "9"]
[EventCountry "RUS"]
[SourceTitle "CBM 056 Extra"]
[Source "ChessBase"]
[SourceDate "1997.03.01"]
[SourceVersion "1"]
[SourceVersionDate "1997.03.01"]
[SourceQuality "1"]

1. c4 e6 2. Nc3 f5 3. g3 Nf6 4. Bg2 Be7 5. d4 0-0 6. Nf3 d6 7. 0-0 Qe8 8. Qc2 Qh5 9. Bg5 c6 10. e4 e5 11. dxe5 dxe5 12. exf5 h6 13. Bxf6 Bxf6 14. Rfe1 Bxf5 15. Qb3 Nd7 16. Qxb7 e4 17. Nxe4 Bxe4 18. Rxe4 Nc5 19. Qxc6 Nxe4 20. Qxe4 Bxb2 21. Rb1 Rad8 22. h4 Bc3 23. Qe3 Qg6 24. Rb7 Rd3 25. Qe2 Qf5 26. Rb5 Qd7 27. Bh3 Qd8 28. Rd5 Rxd5 29. Be6+ Kh8 30. Bxd5 Qb6 31. Qd3 Be5 32. Kg2 Bd6 33. Qe2 Bc5 34. Qc2 a5 35. a4 Qb4 36. Kh3 Qb8 37. Kg2 Qe8 38. Qd3 Qe7 39. Qc2 Qa7 40. Qe2 Qd7 41. Ne5 Qf5 42. f4 Re8 43. Qb2 Bb4 44. h5 Rb8 45. g4 Qf6 46. Ng6+ Kh7 47. Qc2 1-0

[Event "Moscow op2"]
[Site "Moscow"]
[Date "1995.??.??"]
[Round "7"]
[White "Kosyrev, Vladimir"]
[Black "Yasinsky, Vladimir"]
[Result "1/2-1/2"]
[WhiteElo "2155"]
[BlackElo "2380"]
[PlyCount "62"]
[EventDate "1995.11.??"]
[EventType "swiss"]
[EventRounds "9"]
[EventCountry "RUS"]
[SourceTitle "EXT 1998"]
[Source "ChessBase"]
[SourceDate "1997.11.17"]
[SourceVersion "1"]
[SourceVersionDate "1997.11.17"]
[SourceQuality "1"]

1. d4 d5 2. c4 c6 3. e3 e6 4. Nc3 f5 5. f4 Nf6 6. Nf3 Be7 7. Be2 0-0 8. 0-0 b6 9. Ne5 Bb7 10. Qa4 c5 11. Rd1 Qe8 12. Qxe8 Rxe8 13. Bf3 Rd8 14. b3 cxd4 15. Nb5 dxe3 16. Nc7 Bc5 17. Kf1 Nc6 18. Nxe6 Nxe5 19. fxe5 Ne4 20. Nxc5 bxc5 21. cxd5 Ba6+ 22. Ke1 e2 23. Rd2 Nxd2 24. Bxd2 Bb7 25. Ba5 Re8 26. e6 g5 27. h3 h5 28. Bxh5 Bxd5 29. Bxe8 Rxe8 30. Kxe2 Bxg2 31. Rg1 Rxe6+ 1/2-1/2

[Event "RUS-ch sf"]
[Site "Yaroslavl"]
[Date "1995.??.??"]
[Round "9"]
[White "Skomorokhin, Roman"]
[Black "Yasinsky, Vladimir"]
[Result "1-0"]
[WhiteElo "2460"]
[BlackElo "2380"]
[PlyCount "51"]
[EventDate "1995.??.??"]
[EventType "swiss"]
[EventRounds "9"]
[EventCountry "RUS"]
[SourceTitle "CBM 049 Extra"]
[Source "ChessBase"]
[SourceDate "1996.01.01"]
[SourceVersion "1"]
[SourceVersionDate "1996.01.01"]
[SourceQuality "1"]

1. d4 Nf6 2. c4 g6 3. Nf3 Bg7 4. g3 0-0 5. Bg2 d6 6. 0-0 Nbd7 7. Qc2 e5 8. Rd1 Re8 9. e4 c6 10. Nc3 Qb6 11. h3 exd4 12. Nxd4 Nc5 13. Be3 Qb4 14. a3 Qb6 15. b4 Ncd7 16. Ndb5 Qxe3 17. fxe3 cxb5 18. Nxb5 Ne5 19. Nc7 Be6 20. Nxa8 Rxa8 21. Rxd6 Bxc4 22. Rad1 h5 23. Rd8+ Rxd8 24. Rxd8+ Kh7 25. Qc3 Nfg4 26. Rd4 1-0

[Event "Novgorod op"]
[Site "Novgorod"]
[Date "1995.??.??"]
[Round "5"]
[White "Yasinsky, Vladimir"]
[Black "Skomorokhin, Roman"]
[Result "1/2-1/2"]
[WhiteElo "2385"]
[BlackElo "2465"]
[PlyCount "97"]
[EventDate "1995.05.??"]
[EventType "swiss"]
[EventRounds "9"]
[EventCountry "RUS"]
[SourceTitle "EXT 2000"]
[Source "ChessBase"]
[SourceDate "1999.11.16"]
[SourceVersion "1"]
[SourceVersionDate "1999.11.16"]
[SourceQuality "1"]

1. c4 e6 2. Nf3 d5 3. d4 Nf6 4. Nc3 dxc4 5. e4 c5 6. Bxc4 cxd4 7. Nxd4 Nbd7 8. 0-0 Qc7 9. Bxe6 fxe6 10. Ncb5 Qb6 11. Nxe6 Nc5 12. Nbc7+ Ke7 13. e5 Bxe6 14. exf6+ gxf6 15. Nxa8 Qc6 16. Bf4 Rg8 17. f3 Bc4 18. b3 Bxf1 19. Qxf1 Ne6 20. Rc1 Qd5 21. Be3 Qe5 22. Qe1 Kf7 23. Bxa7 Qxe1+ 24. Rxe1 Bb4 25. Rxe6 Kxe6 26. Nc7+ Kd6 27. Nb5+ Kd5 28. Nc7+ Kc6 29. Ne6 Re8 30. Nd4+ Kd5 31. Nc2 Bc5+ 32. Bxc5 Kxc5 33. Kf2 b5 34. a4 b4 35. g4 Re7 36. h4 Rc7 37. Ke3 Rd7 38. h5 h6 39. f4 Rg7 40. Kf3 Rd7 41. Ke3 Rg7 42. Kf3 Rg8 43. a5 Rg7 44. Ne3 Ra7 45. g5 fxg5 46. fxg5 Rxa5 47. gxh6 Kd4 48. Nc2+ Kc3 49. Nxb4 1/2-1/2

[Event "Moscow op"]
[Site "Moscow"]
[Date "1995.??.??"]
[Round "2"]
[White "Yasinsky, Vladimir"]
[Black "Yegiazarian, Arsen"]
[Result "0-1"]
[WhiteElo "2385"]
[BlackElo "2450"]
[PlyCount "74"]
[EventDate "1995.??.??"]
[EventType "swiss"]
[EventRounds "9"]
[EventCountry "RUS"]
[SourceTitle "EXT 2000"]
[Source "ChessBase"]
[SourceDate "1999.11.16"]
[SourceVersion "1"]
[SourceVersionDate "1999.11.16"]
[SourceQuality "1"]

1. c4 e5 2. Nc3 d6 3. g3 g6 4. Bg2 Bg7 5. Nf3 Ne7 6. 0-0 0-0 7. d4 exd4 8. Nxd4 Nbc6 9. Nc2 Ne5 10. Ne3 Nf5 11. Nxf5 Bxf5 12. Qb3 Rb8 13. Be3 Be6 14. Bd5 Bh3 15. Bg2 Bxg2 16. Kxg2 b6 17. Rfd1 Re8 18. Rac1 Qc8 19. h3 h5 20. Nd5 h4 21. gxh4 c6 22. Nf4 Qd8 23. h5 g5 24. Nd3 Qf6 25. Nxe5 Qxe5 26. Qd3 Qxb2 27. h6 Bxh6 28. h4 Re6 29. hxg5 Qg7 30. f4 Rbe8 31. Bd4 f6 32. Kf3 Qf7 33. gxh6 Qh5+ 34. Kf2 Rxe2+ 35. Kg3 Qh2+ 36. Kg4 Rg2+ 37. Kf5 Qh5+ 0-1

[Event "St Petersburg op2"]
[Site "St Petersburg"]
[Date "1994.??.??"]
[Round "1"]
[White "Ibragimov, Ildar"]
[Black "Yasinsky, Vladimir"]
[Result "1-0"]
[WhiteElo "2480"]
[BlackElo "2360"]
[PlyCount "50"]
[EventDate "1994.10.??"]
[EventType "swiss"]
[EventRounds "9"]
[EventCountry "RUS"]
[SourceTitle "CBM 043 Extra"]
[Source "ChessBase"]
[SourceDate "1995.01.01"]
[SourceVersion "1"]
[SourceVersionDate "1995.01.01"]
[SourceQuality "1"]

1. d4 d5 2. c4 c6 3. Nf3 Nf6 4. e3 e6 5. Nbd2 Nbd7 6. Be2 Bd6 7. 0-0 0-0 8. Qc2 Qe7 9. b3 e5 10. dxe5 Nxe5 11. Bb2 Bg4 12. Rfe1 Rfe8 13. Nd4 Qd7 14. f4 Ng6 15. Bd3 c5 16. Nf5 d4 17. g3 dxe3 18. Nxe3 Rad8 19. Bxf6 gxf6 20. Nd5 Kg7 21. Nf1 Re6 22. Nfe3 Rde8 23. Qc3 h5 24. Kf2 Qd8 25. Bf5 Bxf5 1-0

[Event "St Petersburg op2"]
[Site "St Petersburg"]
[Date "1994.??.??"]
[Round "3"]
[White "Novik, Maxim"]
[Black "Yasinsky, Vladimir"]
[Result "1/2-1/2"]
[WhiteElo "2460"]
[BlackElo "2360"]
[PlyCount "89"]
[EventDate "1994.10.??"]
[EventType "swiss"]
[EventRounds "9"]
[EventCountry "RUS"]
[SourceTitle "CBM 043 Extra"]
[Source "ChessBase"]
[SourceDate "1995.01.01"]
[SourceVersion "1"]
[SourceVersionDate "1995.01.01"]
[SourceQuality "1"]

1. e4 c5 2. Nf3 d6 3. d4 cxd4 4. Nxd4 Nf6 5. Nc3 g6 6. Be2 Bg7 7. 0-0 Nc6 8. Nb3 0-0 9. Kh1 Be6 10. f4 Qc8 11. Bf3 Bg4 12. Nd5 Bxf3 13. Qxf3 Nxd5 14. exd5 Nb8 15. Qe4 Nd7 16. f5 Nf6 17. Qd3 b5 18. fxg6 hxg6 19. Bg5 Qg4 20. Bxf6 Bxf6 21. c3 b4 22. Na5 bxc3 23. bxc3 Kg7 24. Nc6 Rh8 25. Rf3 Rh4 26. h3 Qe4 27. Qd2 Rah8 28. Kg1 R8h5 29. Re1 Qxd5 30. Qxd5 Rxd5 31. Nxe7 Re5 32. Rxe5 Bxe5 33. g4 Rh8 34. Nc6 Rc8 35. Nxa7 Rc5 36. a4 Bxc3 37. Nb5 Be5 38. Rb3 Rc1+ 39. Kg2 Ra1 40. Ra3 Rb1 41. Nc7 Rc1 42. Nd5 Rc5 43. Ne3 Bc3 44. Kf3 Kf6 45. Nd5+ 1/2-1/2

[Event "Kstovo op"]
[Site "Kstovo"]
[Date "1994.??.??"]
[Round "1"]
[White "Yasinsky, Vladimir"]
[Black "Aseev, Konstantin N"]
[Result "1/2-1/2"]
[WhiteElo "2360"]
[BlackElo "2540"]
[PlyCount "72"]
[EventDate "1994.08.??"]
[EventType "swiss"]
[EventRounds "9"]
[EventCountry "RUS"]
[SourceTitle "CBM 042 Extra"]
[Source "ChessBase"]
[SourceDate "1994.11.01"]
[SourceVersion "1"]
[SourceVersionDate "1994.11.01"]
[SourceQuality "1"]

1. c4 Nf6 2. Nc3 e5 3. g3 Bb4 4. Bg2 0-0 5. e4 Bxc3 6. bxc3 c6 7. Ne2 d5 8. cxd5 cxd5 9. exd5 Nxd5 10. 0-0 Nc6 11. Re1 Bg4 12. h3 Nxc3 13. dxc3 Qxd1 14. Rxd1 Bxe2 15. Rd7 Ba6 16. Ba3 Rfe8 17. Bd5 Nd8 18. Be7 Bb5 19. Rc7 Bc6 20. Rd1 Ne6 21. Bxe6 fxe6 22. c4 e4 23. a3 e5 24. Kf1 Rac8 25. Rxc8 Rxc8 26. Rd8+ Rxd8 27. Bxd8 Kf7 28. Ke2 Bd7 29. h4 Be6 30. c5 Bg4+ 31. Ke3 Bf3 32. Bc7 Ke6 33. Bd6 Kd5 34. Bf8 g6 35. Bd6 b5 36. cxb6 axb6 1/2-1/2

[Event "Kstovo op"]
[Site "Kstovo"]
[Date "1994.??.??"]
[Round "7"]
[White "Yasinsky, Vladimir"]
[Black "Labutin, Sergey"]
[Result "0-1"]
[WhiteElo "2360"]
[BlackElo "2325"]
[PlyCount "130"]
[EventDate "1994.08.??"]
[EventType "swiss"]
[EventRounds "9"]
[EventCountry "RUS"]
[SourceTitle "CBM 042 Extra"]
[Source "ChessBase"]
[SourceDate "1994.11.01"]
[SourceVersion "1"]
[SourceVersionDate "1994.11.01"]
[SourceQuality "1"]

1. c4 e6 2. Nc3 d5 3. d4 c6 4. e3 Nf6 5. Nf3 Nbd7 6. Bd3 dxc4 7. Bxc4 b5 8. Bd3 Bb7 9. e4 b4 10. Na4 c5 11. e5 Nd5 12. 0-0 cxd4 13. Nxd4 Nxe5 14. Bb5+ Nd7 15. Re1 Rc8 16. Qh5 g6 17. Qe5 Qf6 18. Nf3 h6 19. Be3 Bg7 20. Bxd7+ Kxd7 21. Nc5+ Rxc5 22. Bxc5 Qxe5 23. Nxe5+ Bxe5 24. Rxe5 a5 25. a3 b3 26. a4 Rc8 27. Rc1 Nf4 28. Rc3 Ba6 29. Rf3 g5 30. Be3 Bb7 31. Rb5 Bxf3 32. gxf3 Rc4 33. Rxa5 Rc2 34. Ra7+ Ke8 35. h4 Rxb2 36. Rb7 Ra2 37. Bxf4 b2 38. Kg2 gxf4 39. a5 Kf8 40. a6 Kg7 41. Kh3 Kg6 42. Kg4 Rxa6 43. Rxb2 Ra4 44. h5+ Kf6 45. Rc2 Ra5 46. Rc4 Rg5+ 47. Kh4 Kf5 48. Rc5+ e5 49. Kh3 Rxh5+ 50. Kg2 Rg5+ 51. Kh3 Rg8 52. Ra5 f6 53. Ra6 Rb8 54. Rc6 h5 55. Kg2 h4 56. Rc7 Kg6 57. Rc1 Rb3 58. Rg1 Kh5 59. Rh1 Kg5 60. Rg1 f5 61. Rc1 h3+ 62. Kxh3 Rxf3+ 63. Kg2 e4 64. Ra1 Rb3 65. Ra8 Rb2 0-1

[Event "St Petersburg op2"]
[Site "St Petersburg"]
[Date "1994.??.??"]
[Round "6"]
[White "Yasinsky, Vladimir"]
[Black "Tregubov, Pavel V"]
[Result "0-1"]
[WhiteElo "2360"]
[BlackElo "2545"]
[PlyCount "80"]
[EventDate "1994.10.??"]
[EventType "swiss"]
[EventRounds "9"]
[EventCountry "RUS"]
[SourceTitle "CBM 043 Extra"]
[Source "ChessBase"]
[SourceDate "1995.01.01"]
[SourceVersion "1"]
[SourceVersionDate "1995.01.01"]
[SourceQuality "1"]

1. c4 c5 2. Nc3 Nc6 3. g3 g6 4. Bg2 Bg7 5. d3 Nf6 6. e4 0-0 7. Nge2 d6 8. 0-0 a6 9. a3 Rb8 10. Rb1 b5 11. cxb5 axb5 12. b4 cxb4 13. axb4 e5 14. h3 Be6 15. f4 Ne7 16. f5 gxf5 17. Bg5 h6 18. Bh4 Qd7 19. Qd2 f4 20. gxf4 Bxh3 21. fxe5 Qg4 22. Nf4 Qxh4 23. exf6 Qxf6 24. Bxh3 Qxc3 25. Qxc3 Bxc3 26. Ne2 Bg7 27. Rbc1 Rb7 28. Rc2 d5 29. Rc5 dxe4 30. dxe4 Re8 31. Rd1 Ng6 32. Bf5 Bf8 33. Rcd5 Bxb4 34. Rb1 Ne7 35. Rd7 Bc5+ 36. Kg2 Rb6 37. Bg4 Ng6 38. Rd5 Rxe4 39. Rxc5 Rxg4+ 40. Kf3 Rg5 0-1

[Event "RUS-ch"]
[Site "Elista"]
[Date "1994.??.??"]
[Round "3"]
[White "Yasinsky, Vladimir"]
[Black "Vaulin, Alexander"]
[Result "0-1"]
[WhiteElo "2360"]
[BlackElo "2550"]
[PlyCount "104"]
[EventDate "1994.09.??"]
[EventType "swiss"]
[EventRounds "11"]
[EventCountry "RUS"]
[SourceTitle "CBM 044"]
[Source "ChessBase"]
[SourceDate "1995.02.01"]
[SourceVersion "1"]
[SourceVersionDate "1995.02.01"]
[SourceQuality "1"]

1. c4 e5 2. Nc3 d6 3. g3 f5 4. Bg2 Nf6 5. d4 Be7 6. Nf3 e4 7. Ng5 c6 8. Nh3 0-0 9. 0-0 Na6 10. f3 Nc7 11. fxe4 Nxe4 12. Nxe4 fxe4 13. Rxf8+ Qxf8 14. Nf2 d5 15. cxd5 cxd5 16. Qb3 Kh8 17. Bf4 Bd6 18. e3 Bxf4 19. gxf4 Qd8 20. Rc1 Ne8 21. Nd1 Nf6 22. Nc3 b6 23. Qa3 Be6 24. Nb5 Qd7 25. Qd6 Qxb5 26. Qxe6 Rg8 27. Qc6 Qxb2 28. Bh3 Qe2 29. Rc3 Qd1+ 30. Bf1 Qe1 31. Ra3 Ng4 32. Qc2 Nxe3 33. Qe2 Qxf1+ 34. Qxf1 Nxf1 35. Kxf1 Rf8 36. Rxa7 Rxf4+ 37. Ke2 h6 38. Rd7 Rf5 39. Rd6 Rh5 40. a4 Rxh2+ 41. Ke3 Rh3+ 42. Ke2 Rd3 43. Rxd5 Kh7 44. Rd6 h5 45. d5 h4 46. Rxb6 Rxd5 47. Ke3 Ra5 48. Kxe4 Rxa4+ 49. Kf5 h3 50. Kg5 h2 51. Rb1 Ra6 52. Rh1 Rh6 0-1